Responses for show #1192 - Tuesday, November 7, 1989

1989 Tournament of Champions quarterfinal game 2.

Contestants

Ouida Rellstab, a teacher and Seniors Tournament winner from Metairie, Louisiana

Bruce Cox, a computer operations analyst from Lakeside, California

Cigus Vanni, a psychologist originally from South Amboy, New Jersey

Jeopardy! Round responses

ISLANDS
MEDICINE
PBS
MUSEUMS
MIDDLE NAMES
STARTS WITH "B"
    $100 9
The Philippines

Cigus
    $100 7
Spine

Ouida
    $100 18
"Sesame Street"

Cigus
    $100 23
Italy

Cigus
    $100 1
Ming

Ouida
    $100 2
Beluga

Ouida
    $200 10
Galapagos Islands

Bruce
    $200 8
Kidneys

Cigus
    $200 19
Bill Moyers

Bruce
    $200 24
San Francisco

Cigus
    $200 11
Valentine

Cigus
    $200 3
"Boom!"

Triple Stumper
    $500 12
(C: What is Java?)

New Guinea

Cigus
    $300 28
(Ouida: MEDICINE for $400.)
[The end-of-round signal sounds.]
(Alex: Oh, we won't get a chance for those last two clues...)

trichinosis

Ouida
    $300 20
Mark Russell

Bruce
    $300 25
Connecticut

Bruce
    $300 15
Hart

Bruce
    $300 4
Brobdingnag

Bruce
    $400 13
(B: What are the Falklands?)

Iceland

CigusBruce
    $400 21
(C: What is "Cosmos?")

"The Ascent of Man"

CigusBruce
    $400 26
Margaret Mead

Cigus
    $400 16
Meriwether

Ouida
    $400 5
Biography

Ouida
    $500 14
Lake Champlain

Triple Stumper
    $500 22
(less than a minute to go in the round....)

"American Masters"

Triple Stumper
    $500 27
Virginia City

Triple Stumper
    $500 17
Rockefeller

Bruce
    $500 6
Bloemfontein

Ouida

Scores at the first commercial break (after clue 12):

Cigus Bruce Ouida
$0 $500 $1,200

Scores at the end of the Jeopardy! Round:

Cigus Bruce Ouida
$800 $2,100 $1,900

Double Jeopardy! Round responses

ANCIENT HISTORY
MAGAZINES
COMPOSERS
FAMOUS AMERICANS
ARGENTINA
PLAY SETTINGS
    $200 14
Water

Bruce
    $200 10
Seventeen

Cigus
    $200 12
J.S. Bach

Cigus
    $200 1
Theodore Roosevelt

Cigus
    $200 21
Buenos Aires

Ouida
    $200 4
Dublin

Ouida
    $400 16
Balsa

Ouida
    $400 11
Esquire

Cigus
    $400 13
G.F. Handel

Ouida
    $400 2
Margaret Truman

Bruce
    $400 22
Tango

Cigus
    $400 5
"The Miracle Worker"

Bruce
    $600 17
(O: What is Persian?)

Babylonian

Ouida
Triple Stumper
    $600 15
The New Yorker

Ouida
    $600 23
(O: Who is Schubert?)

Robert Schumann

CigusOuida
    $600 3
Hugo Black

Ouida
    $600 27
Rhea

Ouida
    $600 8
(O: I have no idea.)

"The Best Man"

Ouida
    $500 18
Thebes

Ouida
    $800 26
Caspar Weinberger

Triple Stumper
    $800 24
Hector Berlioz

Cigus
    $800 6
Ambrose Burnside

Bruce
    $800 28
Mate

Ouida
    $800 9
"Bus Stop"

Bruce
    $1000 19
Hittites

Triple Stumper
    $1000 30
Lear's

Triple Stumper
    $1000 25
(less than a minute to go in the round....)

Felix Mendelssohn

Triple Stumper
    $1000 7
Jonathan Edwards

Ouida
    $1000 29
Jose de San Martin

Triple Stumper
    $1000 20
"Gaslight"

Triple Stumper

Scores at the end of the Double Jeopardy! Round:

Cigus Bruce Ouida
$3,600 $4,700 $5,400

Final Jeopardy! Round responses

U.S. POLITICS
CigusWho is Eliot Richardson?
$3,400
BruceWho is Mitchell
$2,300
OuidaWho is Cap Weinberger?
$4,001
Elliot Richardson

Final scores:

Cigus Bruce Ouida
$7,000 $2,400 $1,399
Automatic semifinalist 2nd place: $1,000 if eliminated 3rd place: $1,000 if eliminated

Game dynamics:

Coryat scores:

Cigus Bruce Ouida
$4,100 $4,700 $6,300
15 R,
2 W
(including 1 DD)
13 R,
1 W
17 R
(including 1 DD),
3 W
(including 1 DD)

Combined Coryat: $15,100

The J! Archive is created by fans, for fans. The Jeopardy! game show and all elements thereof, including but not limited to copyright and trademark thereto, are the property of Jeopardy Productions, Inc. and are protected under law. This website is not affiliated with, sponsored by, or operated by Jeopardy Productions, Inc. Join the discussion at JBoard.tv.